[Event "London Classic op 11th"]
[Site "London"]
[Date "2019.12.02"]
[Round "5"]
[White "Auyeung, Chi Hung Jonathan"]
[Black "Pollack, Oscar"]
[Result "0-1"]
[WhiteElo "1770"]
[BlackElo "2112"]
[PlyCount "104"]
[EventDate "2019.11.29"]
[EventType "swiss"]
[EventRounds "9"]
[EventCountry "ENG"]
[SourceTitle "CBM 193 Extra"]
[Source "ChessBase"]
[SourceDate "2020.01.31"]
[SourceVersion "1"]
[SourceVersionDate "2020.01.31"]
[SourceQuality "1"]

1. c4 g6 2. g3 Bg7 3. Bg2 e5 4. Nc3 Nc6 5. e4 d6 6. Nge2 Nge7 7. 0-0 h5 8. d3 h4 9. Be3 Nd4 10. Nb5 c5 11. Nexd4 cxd4 12. Bd2 a6 13. Qa4 Nc6 14. f4 hxg3 15. hxg3 Bh3 16. Na3 Qd7 17. f5 gxf5 18. exf5 Bxf5 19. Bxc6 bxc6 20. Rxf5 Qxf5 21. Qxc6+ Ke7 22. Rf1 Qc8 23. Qd5 f6 24. Bb4 Qd7 25. c5 Rab8 26. c6 Qe6 27. Qxe6+ Kxe6 28. Ba5 Rxb2 29. c7 Rxa2 30. Nc4 Bh6 31. Rb1 Rxa5 32. Rb8 Rc5 33. Rxh8 Rxc7 34. Rxh6 d5 35. Nb6 Rc3 36. Na4 Ra3 37. Nc5+ Kf7 38. Nd7 Rxd3 39. Rxf6+ Ke7 40. Nxe5 Rxg3+ 41. Kf2 Kxf6 42. Nd7+ Ke7 43. Ne5 Rg8 44. Nc6+ Kd6 45. Nxd4 Kc5 46. Ne6+ Kc4 47. Nc7 a5 48. Ke2 a4 49. Kd2 a3 50. Kc2 a2 51. Kb2 a1Q+ 52. Kxa1 Kb3 0-1

[Event "Hong Kong Jolimark op"]
[Site "Hong Kong"]
[Date "2017.12.25"]
[Round "6"]
[White "King, Oliver Baekho"]
[Black "Auyeung, Chi Hung Jonathan"]
[Result "0-1"]
[WhiteElo "1152"]
[BlackElo "1657"]
[PlyCount "64"]
[EventDate "2017.12.23"]
[EventType "swiss"]
[EventRounds "9"]
[EventCountry "HKG"]
[SourceTitle "CBM 182 Extra"]
[Source "ChessBase"]
[SourceDate "2018.02.23"]
[SourceVersion "1"]
[SourceVersionDate "2018.02.23"]
[SourceQuality "1"]

1. e4 c5 2. Nf3 d6 3. d4 cxd4 4. Nxd4 Nf6 5. Nc3 g6 6. Be3 Bg7 7. f3 0-0 8. Qd2 Nc6 9. 0-0-0 d5 10. Nxc6 bxc6 11. exd5 Nxd5 12. Nxd5 cxd5 13. Qxd5 Qc7 14. Qc5 Qb7 15. Qb5 Qxb5 16. Bxb5 Rb8 17. Be2 Rxb2 18. Bc4 Be6 19. Bb3 Bxb3 20. axb3 Rc8 21. Rd2 Ra2 22. Rf2 Ra1+ 23. Kd2 Rxh1 24. Bxa7 Rd8+ 25. Ke2 Rdd1 26. Ke3 Rhe1+ 27. Kf4 f5 28. c4 h6 29. Bb8 Rb1 30. Kg3 Rxb3 31. Ba7 g5 32. h3 Be5# 0-1

[Event "Hong Kong Jolimark op"]
[Site "Hong Kong"]
[Date "2017.12.23"]
[Round "2"]
[White "Cai, Chaoruo"]
[Black "Auyeung, Chi Hung Jonathan"]
[Result "1-0"]
[WhiteElo "2192"]
[BlackElo "1657"]
[PlyCount "89"]
[EventDate "2017.12.23"]
[EventType "swiss"]
[EventRounds "9"]
[EventCountry "HKG"]
[SourceTitle "CBM 182 Extra"]
[Source "ChessBase"]
[SourceDate "2018.02.23"]
[SourceVersion "1"]
[SourceVersionDate "2018.02.23"]
[SourceQuality "1"]

1. d4 Nf6 2. Bf4 e6 3. e3 c5 4. c3 Be7 5. Nd2 b6 6. h3 Bb7 7. Ngf3 0-0 8. Bd3 d5 9. Ne5 Nbd7 10. Qc2 h6 11. Nxd7 Qxd7 12. Nf3 Bd6 13. Ne5 Qe7 14. Qe2 Bxe5 15. dxe5 Nd7 16. Qh5 d4 17. c4 f6 18. exd4 fxe5 19. Bxe5 Nxe5 20. dxe5 Rad8 21. Rd1 Bxg2 22. Rg1 Bf3 23. Qg6 Rf5 24. Rd2 Rxe5+ 25. Kf1 Rg5 26. Rxg5 Qxg5 27. Qxg5 hxg5 28. Bh7+ Kxh7 29. Rxd8 e5 30. Rd7 Be4 31. Kg1 Bf5 32. Rxa7 Bxh3 33. Rb7 Be6 34. b3 Kg6 35. Rxb6 Kf5 36. Kg2 Bd7 37. Kg3 g4 38. a4 e4 39. a5 e3 40. fxe3 g5 41. a6 Ke5 42. a7 Be8 43. a8Q Bc6 44. Qxc6 Kf5 45. Qe6# 1-0

[Event "Hong Kong Jolimark op"]
[Site "Hong Kong"]
[Date "2016.12.29"]
[Round "7"]
[White "Deng, Yu Dong Michael"]
[Black "Auyeung, Chi Hung Jonathan"]
[Result "0-1"]
[WhiteElo "1760"]
[BlackElo "1495"]
[PlyCount "112"]
[EventDate "2016.12.26"]
[EventType "swiss"]
[EventRounds "9"]
[EventCountry "HKG"]
[SourceTitle "CBM 176 Extra"]
[Source "ChessBase"]
[SourceDate "2017.03.02"]
[SourceVersion "1"]
[SourceVersionDate "2017.03.02"]
[SourceQuality "1"]

1. d4 Nf6 2. c4 c5 3. d5 e6 4. Nc3 exd5 5. cxd5 d6 6. Nf3 g6 7. h3 Bg7 8. e4 0-0 9. Bd3 b5 10. Nxb5 Re8 11. 0-0 Nxe4 12. Re1 a6 13. Na3 Nf6 14. Rxe8+ Nxe8 15. Bg5 Qc7 16. Qa4 Nd7 17. Re1 Nef6 18. Bxf6 Nxf6 19. Qf4 Bb7 20. Nc4 Rd8 21. Ng5 Nxd5 22. Qh4 Nf6 23. Nd2 d5 24. Ngf3 h6 25. b3 g5 26. Qa4 Bc6 27. Qa3 Bb5 28. Bf5 Nd7 29. Qc1 Ne5 30. Nxe5 Bxe5 31. Nf3 Bf4 32. Qc2 d4 33. Bd3 Bxd3 34. Qxd3 Qa5 35. g3 Qc3 36. Rd1 Qxd3 37. Rxd3 Bc7 38. Kf1 Kg7 39. Nd2 Ba5 40. Nf3 Kf6 41. a3 Rd6 42. Ke2 Bc3 43. Nd2 Re6+ 44. Kd1 Bxd2 45. Kxd2 Ke5 46. Kc2 Rf6 47. Rd2 Ke4 48. Re2+ Kf3 49. Kd3 Kg2 50. b4 Rf3+ 51. Ke4 f5+ 52. Ke5 cxb4 53. axb4 Rxf2 54. Re1 Rb2 55. Kxd4 Rxb4+ 56. Ke5 Re4+ 0-1

[Event "Penang op 8th"]
[Site "Penang"]
[Date "2016.12.08"]
[Round "6"]
[White "Ang, Jing Xuan"]
[Black "Auyeung, Chi Hung Jonathan"]
[Result "1-0"]
[WhiteElo "1599"]
[BlackElo "1495"]
[PlyCount "77"]
[EventDate "2016.12.05"]
[EventType "swiss"]
[EventRounds "9"]
[EventCountry "MAS"]
[SourceTitle "CBM 176 Extra"]
[Source "ChessBase"]
[SourceDate "2017.03.02"]
[SourceVersion "1"]
[SourceVersionDate "2017.03.02"]
[SourceQuality "1"]

1. e4 c5 2. Nf3 d6 3. d4 cxd4 4. Nxd4 Nf6 5. Nc3 g6 6. Be3 Bg7 7. f3 0-0 8. Bc4 Nc6 9. Qd2 Bd7 10. 0-0-0 Rc8 11. Bb3 Ne5 12. Kb1 Nc4 13. Bxc4 Rxc4 14. g4 b5 15. g5 Nh5 16. Qd3 Nf4 17. Bxf4 Bxd4 18. Ne2 Bg7 19. h4 Ra4 20. Nc3 Rd4 21. Qe2 Rxd1+ 22. Nxd1 a6 23. h5 Qc7 24. Ne3 Qc5 25. Nd5 Re8 26. hxg6 fxg6 27. Be3 Qc6 28. Qh2 Kf7 29. Qf4+ Kg8 30. Qh2 Kf7 31. Rd1 Kg8 32. Nf4 Kf7 33. Qxh7 Rc8 34. Qxg6+ Kf8 35. Nh5 Bxb2 36. Nf6 Bxf6 37. gxf6 exf6 38. Qxf6+ Ke8 39. Bg5 1-0